000 00591nam a22002177a 4500
005 20140711112358.0
008 140703b xxu||||| |||| 00| 0 eng d
020 _a8186134247
_c400.00
040 _aLoreto College
041 _aBengali
082 _a891.441
_bDAS-GUP
100 _aDas, Jibananda
245 _aJibanananda Daser Kavyasamagra
_cJibananda Das;edited by Khetra Gupta
260 _aKolkata
_bBharbi
_c2004
300 _axxxxviii, 848p.
_b22cm.
504 _aIncludes index
650 _aBengali poetry
700 _4ed.
_aGupta, Khetra
850 _aLCLIB
942 _cBK
999 _c39328
_d89807